000 02307nam a22003137a 4500
005 20211214152205.0
008 201107s1919 enk |||f||||| 001 0 mul d
020 _a9780674991033
040 _cSandra Yazo
_dSandra Yazo
041 0 _aeng
_agre
082 0 4 _220
_a281.1
092 _aE62N041
100 1 _aClemente de Alejandría
_9101524
242 0 0 _aClemente de Alejandría.
_bExortación a los griegos ; Sobre la salvación de los ricos ; Exhortación a los recién bautizados.
_cExhortación a los recién bautizados. Traducido al inglés por G. W. Butterworth.
_yspa
245 1 0 _aClement of Alexandria.
_bExhortation to the Greeks ; The rich man’s salvation ; To the newly baptized.
_cWith an english translation by G.W. Butterworth.
260 _aLondon [Londres] (Inglaterra)
_bHarvard University Press [Imprenta de la Universidad de Harvard]
_c1919
300 _axxii, 409 páginas
_c16 x 11 cm.
490 _aLoeb classical Library
_v92
500 _aDetalles físicos: Encuadernación rígida. Cartón duro forrado en tela. Lomo con adornos en dorado. En la tapa delantera anagrama en dorado. Cubierta de papel verde con solapa, que incluye datos de autor y de la obra. Guardas. Hoja de cortesía. Anteportada. Portada impresa en una sola tinta; información sobre la obra dentro de un recuadro. Pequeño grabado con el emblema de la Colección (Palas Athenea); en el círculo, la inscripción “Loeb Classical Library”. Texto muy bien impreso en una sola columna: el texto griego, con párrafos numerados, ocupa la página derecha; la traducción inglesa correspondiente a la página de la izquierda. Notas de pie de página. Incluye índice. Hojas de cortesía posteriores y guardas
505 0 _aObras de san Clemente de Alejandría: Introducción ; Bibliografía ; Exhortación a los griegos ; Sobre la salvación de los ricos ; Exhortación a los recién bautizados ; Apéndice: Los “misterios” griegos ; Índices.
506 _aConsulta en sala
546 _aTexto en inglés y griego
650 7 _99245
_aApologética
650 7 _920982
_aPadres de la iglesia
650 7 _aLiteratura cristiana
_918634
690 _aIglesias
_917149
700 1 4 _aButterworth, G.W.
_d1879-
_etraductor
_q(George William)
_9101525
942 _2LOCAL
_cLIBRO
_e1
_hE62N041
999 _c318223
_d318223